Quiz o Ropczycach - Statystyki

Ogólne statystyki
  • Ten quiz został rozwiązany 26 razy
  • Średni wynik to 8 z 15
Statystyki odpowiedzi
Pytanie Odpowiedź % Poprawnych
Który król nadał Ropczycom prawa miejskie? Kazimierz Wielki
100%
Jaką nazwę nosi lokalny klub piłkarski? Błękitni Ropczyce
90%
W jakim wieku Ropczyce uzyskały prawa miejskie? XIV
90%
Jak nazywa się rzeka przepływająca przez Ropczyce? Wielopolka
75%
Kto jest burmistrzem Ropczyc? Kazimierz Moskal
70%
Jaką nazwę nosi lokalna kręgielnia? Laguna
55%
Czyje imię nosi Szkoła Podstawowa nr 1 w Ropczycach? Mikołaj Kopernik
55%
Kim był patron Zespołu Szkół Technicznych w Ropczycach, Jan Zwierz? Ksiądz
50%
Czyje imię nosi Liceum Ogólnokształcące w Ropczycach? Tadeusz Kościuszko
45%
Jak nazywa się potok, który wpada do Wielopolki w Ropczycach? Okop
30%
Jaką nazwę nosi lokalny Zespół Pieśni i Tańca? Rochy
30%
Jaką nazwę nosi klub siatkarski z Ropczyc? Sokół Ropczyce
25%
Jak nazywa się apteka znajdująca się w centrum Ropczyc? Apteka Pod Orłem
15%
Jak nazywa się lokalna siłownia? Fit Planet
10%
Z jakim rodem szlacheckim związana była historia Ropczyc? Ligęzowie
10%
Nie znaleziono quizów pasujących do podanych kryteriów
Rozkład punktacji
Procent ludzi z każdym wynikiem
Percentyl według liczby udzielonych odpowiedzi
Twoja historia wyników
Nie rozwiązałeś tego quizu